| 000 | 02851cam a2200313 4500500 | ||
|---|---|---|---|
| 005 | 20260111114751.0 | ||
| 041 | _afre | ||
| 042 | _adc | ||
| 100 | 1 | 0 |
_aJeanson, Olivier _eauthor |
| 245 | 0 | 0 | _aFrancis Jeanson. Résistance, résistances |
| 260 | _c2009. | ||
| 500 | _a57 | ||
| 520 | _aRésuméLa condition humaine est caractérisée par de multiples conditionnements tout autant que par la capacité à y résister en se faisant sujet. Au fil d’engagements successifs dans des domaines différents, se dessinent une démarche et une exigence : accompagner des formes de résistances collectives et productrices de sens, en partant des situations vécues et en suscitant la rencontre, la prise de parole, le dialogue. Face à un ordre asocial qui génère perte du lien, résignation et démission, il importe de retrouver des prises concrètes pour agir de proche en proche, sans céder à la tentation des raccourcis. Agir vers et pas seulement contre : toute résistance authentique passe par le désir et la création. Toute résistance est également résistance à l’ordre mortifère des valeurs passivement reçues et des institutions établies. Introduire du désordre, c’est ainsi empêcher l’existence de retomber dans l’être et permettre aux sujets de ressurgir comme aux sociétés de se réinventer. | ||
| 520 | _aRésistance, résistances, an interview with Olivier JeansonThe human condition is characterised by its many forms of conditioning and its ability to resist them whilst making itself the subject. Both an approach and a requirement emerge through successive commitments in various different fields : supporting collective forms of resistance full of meaning based on experience and encouraging contact and dialogue. In the face of an asocial order leading to the loss of connections and resignation, it is important to rediscover specific human interaction without giving in to the temptation of shortcuts. Acting towards and not only against : true resistance is the fruit of will and creation. Resistance also means resisting the chagrined order of passively received values and established institutions. Introducing disorder therefore means preventing the existence of falling back into being and enabling subjects to reappear and societies to reinvent themselves. | ||
| 690 | _acondition humaine | ||
| 690 | _adésordre | ||
| 690 | _aengagement | ||
| 690 | _arencontre | ||
| 690 | _asens | ||
| 690 | _asujet | ||
| 690 | _acommitment | ||
| 690 | _acontact | ||
| 690 | _adisorder | ||
| 690 | _ahuman condition | ||
| 690 | _ameaning | ||
| 690 | _asubject | ||
| 786 | 0 | _nNouvelle revue de psychosociologie | 7 | 1 | 2009-06-05 | p. 211-223 | 1951-9532 | |
| 856 | 4 | 1 | _uhttps://shs.cairn.info/revue-nouvelle-revue-de-psychosociologie-2009-1-page-211?lang=fr&redirect-ssocas=7080 |
| 999 |
_c1633509 _d1633509 |
||